000 00666cam a22002173a 4500
001 38590
003 PGUSA
005 20140828083842.0
008 120116s2012||||xxu|||||s|||||000 | eng d
040 _aPGUSA
_beng
042 _adc
100 1 _aMaitland, Edward
245 1 4 _aThe Story of Anna Kingsford and Edward Maitland and of the new Gospel of Interpretation
_h[electronic resource] /
_cEdward Maitland
260 _bProject Gutenberg,
_c2012
506 _aPublic domain in the USA.
516 _aElectronic text
700 1 _aHart, Samuel Hopgood
830 0 _aProject Gutenberg
_v38590
856 4 0 _uhttp://www.gutenberg.org/ebooks/38590
942 _cEB
999 _c267844
_d267844